000 00340nam a2200145Ia 4500
005 20251222151310.0
008 251222s9999||||xx |||||||||||||| ||spa||
020 _a8422607476
082 _a823.914/L21
100 _aLambert, Derek
245 0 _aEl Complot Yermakov
250 _a1ra.ed.
264 _bCĂ­rculo de Lectores
942 _cLIB
999 _c23331
_d23331